[Event "EOBCC 2020"]
[Site "Online"]
[Date "2020.12.18"]
[Round "7.59"]
[White "Matinian, Nikita"]
[Black "Djordjevic, Vuk"]
[Result "1/2-1/2"]
[WhiteElo "2470"]
[BlackElo "2350"]
[Annotator "ChessBase"]
[PlyCount "139"]
[EventDate "2020.12.18"]
[EventType "tourn"]
[EventCountry "NET"]
[SourceTitle "playchess.com"]
[Source "ChessBase"]
[SourceQuality "1"]

1. e4 e6 2. d4 d5 3. Nc3 Bb4 4. Nge2 dxe4 5. a3 Bxc3+ 6. Nxc3 Nc6 7. Be3 Nge7 8. Nxe4 h6 9. Qf3 Nf5 10. O-O-O Nce7 11. g4 Nxe3 12. fxe3 Bd7 13. Bg2 Bc6 14. Rhf1 O-O 15. Qg3 Ng6 16. Nc5 Bxg2 17. Qxg2 b6 18. Nd3 Qg5 19. Qe4 Rad8 20. Kb1 Rd6 21. Rf2 c5 22. Rdf1 cxd4 23. exd4 Qd5 24. Qxd5 Rxd5 25. c3 a5 26. h3 f6 27. Kc2 Rc8 28. Re1 Kf7 29. Kd2 e5 30. Nxe5+ Nxe5 31. Rxe5 Rxe5 32. dxe5 a4 33. exf6 gxf6 34. Rf4 b5 35. Rf5 Rb8 36. Kd3 Rd8+ 37. Ke3 Rd1 38. Rxb5 Rh1 39. Rh5 Rh2 40. Rxh6 Rxb2 41. Kd3 Rb3 42. Rh7+ Kg6 43. Ra7 Rxa3 44. h4 Ra1 45. Ra5 a3 46. h5+ Kh6 47. Kc2 a2 48. Kb2 Rg1 49. Kxa2 Rxg4 50. Rf5 Kg7 51. Rf3 Rh4 52. Rf5 Rg4 53. Rb5 Kh6 54. Kb3 Rg5 55. c4 Kxh5 56. c5 Re5 57. Kc4 Kg4 58. c6 Re8 59. Rb7 f5 60. Rg7+ Kf3 61. c7 f4 62. Kd5 Kf2 63. Rd7 Rc8 64. Ke4 f3 65. Kf4 Ke2 66. Re7+ Kf2 67. Rf7 Ke2 68. Re7+ Kf2 69. Rf7 Ke2 70. Re7+ 1/2-1/2

[Event "EOBCC 2020"]
[Site "Online"]
[Date "2020.12.18"]
[Round "7.60"]
[White "Svane, Rasmus"]
[Black "Fecker, Noah"]
[Result "1-0"]
[WhiteElo "2613"]
[BlackElo "2329"]
[Annotator "ChessBase"]
[PlyCount "65"]
[EventDate "2020.12.18"]
[EventType "tourn"]
[EventCountry "NET"]
[SourceTitle "playchess.com"]
[Source "ChessBase"]
[SourceQuality "1"]

1. Nf3 c5 2. c4 Nc6 3. Nc3 e5 4. e3 Nf6 5. d4 cxd4 6. exd4 e4 7. Ne5 Bb4 8. Be2 Qa5 9. Nxc6 dxc6 10. O-O O-O 11. Bd2 Re8 12. a3 Bxc3 13. Bxc3 Qg5 14. Bd2 Qg6 15. Bf4 h5 16. Qb3 h4 17. Rae1 b6 18. Be5 Ng4 19. Bf4 Nf6 20. Kh1 Bf5 21. h3 Rad8 22. Qe3 b5 23. b3 a5 24. a4 b4 25. Rd1 Rd7 26. Rd2 Red8 27. Bg5 Qh7 28. Rfd1 Be6 29. Qf4 Qf5 30. Qxh4 Rc8 31. Kg1 e3 32. Bxe3 Ne4 33. Bd3 1-0

[Event "EOBCC 2020"]
[Site "Online"]
[Date "2020.12.18"]
[Round "7.61"]
[White "Megalios, Konstantinos"]
[Black "Fedorchuk, Sergey A."]
[Result "0-1"]
[WhiteElo "2390"]
[BlackElo "2616"]
[Annotator "ChessBase"]
[PlyCount "68"]
[EventDate "2020.12.18"]
[EventType "tourn"]
[EventCountry "NET"]
[SourceTitle "playchess.com"]
[Source "ChessBase"]
[SourceQuality "1"]

1. d4 Nf6 2. c3 b6 3. Bf4 Bb7 4. e3 d6 5. Nd2 g6 6. Ngf3 Bg7 7. Bc4 O-O 8. h3 Nbd7 9. O-O a6 10. a4 Qe8 11. Bh2 e5 12. dxe5 dxe5 13. Qc2 Qe7 14. b4 e4 15. Nd4 Ne5 16. Be2 Rad8 17. Bxe5 Qxe5 18. b5 a5 19. Rad1 Rfe8 20. c4 Bf8 21. N2b3 Bd6 22. g3 h5 23. h4 g5 24. hxg5 Qxg5 25. Kg2 h4 26. Rh1 hxg3 27. Rdg1 Kg7 28. Kf1 Rh8 29. Rxh8 Rxh8 30. c5 bxc5 31. Nc6 Rh1 32. Rxh1 g2+ 33. Kg1 gxh1=Q+ 34. Kxh1 Qh4+ 0-1

[Event "EOBCC 2020"]
[Site "Online"]
[Date "2020.12.18"]
[Round "7.62"]
[White "Remizov, Yaroslav"]
[Black "Stocek, Jiri"]
[Result "0-1"]
[WhiteElo "2385"]
[BlackElo "2604"]
[Annotator "ChessBase"]
[PlyCount "64"]
[EventDate "2020.12.18"]
[EventType "tourn"]
[EventCountry "NET"]
[SourceTitle "playchess.com"]
[Source "ChessBase"]
[SourceQuality "1"]

1. e4 c5 2. Nf3 d6 3. d4 cxd4 4. Nxd4 Nf6 5. Nc3 a6 6. Be3 e5 7. Nb3 Be6 8. f3 h5 9. Qd2 Nbd7 10. Nd5 Bxd5 11. exd5 Nb6 12. c4 Rc8 13. Na5 Qc7 14. Bd3 Be7 15. O-O O-O 16. Rac1 Rfe8 17. Kh1 Nbd7 18. b4 Nf8 19. Bf5 N8d7 20. c5 g6 21. Bh3 Rb8 22. c6 bxc6 23. Nxc6 Qb7 24. Nxb8 Rxb8 25. a3 Nb6 26. Bxb6 Qxb6 27. Rc6 Qb5 28. Rd1 e4 29. Qd4 exf3 30. gxf3 a5 31. bxa5 Qxa5 32. Re1 Qxe1+ 0-1

[Event "EOBCC 2020"]
[Site "Online"]
[Date "2020.12.18"]
[Round "7.64"]
[White "Mammadova, Gulnar"]
[Black "Agrest, Evgenij"]
[Result "0-1"]
[WhiteElo "2382"]
[BlackElo "2568"]
[Annotator "ChessBase"]
[PlyCount "98"]
[EventDate "2020.12.18"]
[EventType "tourn"]
[EventCountry "NET"]
[SourceTitle "playchess.com"]
[Source "ChessBase"]
[SourceQuality "1"]

1. e4 d6 2. d4 g6 3. Nc3 Bg7 4. Nf3 a6 5. a4 Nf6 6. Be2 O-O 7. O-O e6 8. h3 Nc6 9. Bg5 h6 10. Be3 b6 11. Qd2 Kh7 12. Rad1 Bb7 13. Bd3 Ne7 14. e5 Nfd5 15. Ne4 Nf5 16. exd6 cxd6 17. c4 Ndxe3 18. fxe3 d5 19. Nc3 Qd6 20. Bxf5 exf5 21. cxd5 Bxd5 22. Nxd5 Qxd5 23. Rc1 Qd6 24. Rc2 Rac8 25. Rfc1 Rxc2 26. Qxc2 f4 27. exf4 Bxd4+ 28. Nxd4 Qxd4+ 29. Qf2 Rd8 30. b3 Qxf2+ 31. Kxf2 Rd2+ 32. Kf1 Rd4 33. Rc7 Rxf4+ 34. Ke2 Kg7 35. Ra7 a5 36. Kd3 Rb4 37. Kc3 h5 38. Rb7 g5 39. g3 Kg6 40. Rb8 f6 41. Rg8+ Kf5 42. Rh8 h4 43. g4+ Kf4 44. Rf8 Kg3 45. Rxf6 Kxh3 46. Kd3 Kxg4 47. Ke2 Rxb3 48. Kf2 Rb2+ 49. Ke3 h3 0-1

[Event "EOBCC 2020"]
[Site "Online"]
[Date "2020.12.18"]
[Round "7.65"]
[White "Dudin, Gleb"]
[Black "Gazik, Viktor"]
[Result "0-1"]
[WhiteElo "2395"]
[BlackElo "2542"]
[Annotator "ChessBase"]
[PlyCount "112"]
[EventDate "2020.12.18"]
[EventType "tourn"]
[EventCountry "NET"]
[SourceTitle "playchess.com"]
[Source "ChessBase"]
[SourceQuality "1"]

1. d4 Nf6 2. c4 Nc6 3. Nf3 d6 4. h3 e5 5. e3 Qe7 6. Be2 g6 7. Nc3 Bg7 8. O-O O-O 9. a3 a5 10. Re1 h5 11. Bf1 Re8 12. Nd5 Qd8 13. Nxf6+ Bxf6 14. d5 Nb8 15. b3 e4 16. Nd4 Na6 17. Rb1 Bg7 18. b4 axb4 19. axb4 Qg5 20. Kh1 Bd7 21. Bd2 h4 22. Qc2 Re7 23. Bc3 Rf8 24. Ne2 Bxc3 25. Nxc3 Qe5 26. Red1 g5 27. Ne2 f5 28. Qc3 f4 29. Qxe5 Rxe5 30. Nc3 f3 31. gxf3 Rxf3 32. Bg2 Rxf2 33. Rf1 Rxf1+ 34. Rxf1 Bf5 35. c5 dxc5 36. bxc5 Nxc5 37. Ra1 Kg7 38. Ra5 Nd3 39. Ra7 Nc5 40. Ra5 Nd3 41. Ra7 Kf6 42. Rxb7 Re7 43. Ra7 Ke5 44. Nb5 Kxd5 45. Nc3+ Ke5 46. Ra5+ c5 47. Ne2 Rb7 48. Kh2 Rb2 49. Nc3 Rc2 50. Nd1 Ne1 51. Kh1 Nxg2 52. Nf2 Rxf2 53. Rxc5+ Kf6 54. Kg1 Re2 55. Rc6+ Be6 56. Rc3 Nxe3 0-1

[Event "EOBCC 2020"]
[Site "Online"]
[Date "2020.12.18"]
[Round "7.66"]
[White "Balajayeva, Khanim"]
[Black "Budisavljevic, Luka"]
[Result "1/2-1/2"]
[WhiteElo "2376"]
[BlackElo "2492"]
[Annotator "ChessBase"]
[PlyCount "124"]
[EventDate "2020.12.18"]
[EventType "tourn"]
[EventCountry "NET"]
[SourceTitle "playchess.com"]
[Source "ChessBase"]
[SourceQuality "1"]

1. e4 c5 2. c3 d5 3. exd5 Qxd5 4. d4 Nf6 5. Nf3 e6 6. Be3 Be7 7. Bd3 O-O 8. O-O Rd8 9. Qe2 Nc6 10. Rd1 cxd4 11. cxd4 Nb4 12. Nc3 Qh5 13. Bb1 b6 14. Ne4 Bb7 15. Ng3 Bxf3 16. gxf3 Qh4 17. Kh1 Rac8 18. Rg1 Kh8 19. a3 Nbd5 20. Be4 Nf4 21. Qd2 N6d5 22. Rac1 g6 23. Ne2 Rxc1 24. Rxc1 Nxe2 25. Qxe2 Bd6 26. f4 Nxf4 27. Qf3 Nd3 28. Qg2 Nxc1 29. Bg5 Qh5 30. Bxd8 Kg7 31. Bf3 Qb5 32. b4 Nb3 33. Qg4 Qd3 34. Kg2 Nd2 35. Be2 Qe4+ 36. Qxe4 Nxe4 37. Bf3 Nc3 38. Bg5 Nb1 39. Bc1 Nc3 40. Bd2 Nd5 41. Be2 Kf6 42. h4 Ke7 43. Bg5+ Kd7 44. Bb5+ Kc7 45. Kf3 f6 46. Bd2 Ne7 47. Be8 Nf5 48. Be3 Nxh4+ 49. Ke4 Nf5 50. Bf7 Kd7 51. Bg8 h5 52. Bf7 Ne7 53. Kf3 f5 54. Bg5 e5 55. dxe5 Bxe5 56. Bxe7 Kxe7 57. Bxg6 Kf6 58. Bxh5 b5 59. Be8 a6 60. Bc6 Bb2 61. Bb7 Bxa3 62. Bxa6 Bxb4 1/2-1/2

[Event "EOBCC 2020"]
[Site "Online"]
[Date "2020.12.18"]
[Round "7.67"]
[White "Kantans, Toms"]
[Black "Mischuk, Dmitry"]
[Result "0-1"]
[WhiteElo "2501"]
[BlackElo "2364"]
[Annotator "ChessBase"]
[PlyCount "112"]
[EventDate "2020.12.18"]
[EventType "tourn"]
[EventCountry "NET"]
[SourceTitle "playchess.com"]
[Source "ChessBase"]
[SourceQuality "1"]

1. e4 e5 2. Nf3 Nc6 3. d4 exd4 4. Nxd4 Nf6 5. Nc3 Bb4 6. Nxc6 bxc6 7. Qd4 Qe7 8. f3 Bc5 9. Qa4 O-O 10. Bf4 d5 11. O-O-O dxe4 12. Qxc6 Bf5 13. Qxc7 Qxc7 14. Bxc7 Rfc8 15. Be5 exf3 16. gxf3 Be3+ 17. Kb1 Nd7 18. Bd4 Bxd4 19. Rxd4 Rab8 20. Bc4 Ne5 21. Bb3 Nxf3 22. Rd5 Bg6 23. h4 h5 24. Kc1 Re8 25. Rd7 Rb4 26. Bd5 Nxh4 27. Rxa7 Nf5 28. a3 Rd4 29. b4 Rc8 30. Kb2 Ne3 31. Bb3 Rd2 32. Rc1 h4 33. b5 h3 34. b6 Rb8 35. b7 Rdd8 36. Re1 Ng4 37. Nd5 Nf2 38. Ne7+ Kh7 39. Nc6 Rxb7 40. Rxb7 Rd6 41. Ne5 h2 42. Bxf7 Bxf7 43. Nxf7 Rd1 44. Ng5+ Kg6 45. Re6+ Kxg5 46. Rxg7+ Kf5 47. Rh6 h1=Q 48. Rf7+ Kg5 49. Rxh1 Nxh1 50. a4 Ng3 51. a5 Rd6 52. Kb3 Nf5 53. c4 Kg6 54. Rf8 Nd4+ 55. Kb4 Ne6 56. Rf1 Rd2 0-1

[Event "EOBCC 2020"]
[Site "Online"]
[Date "2020.12.18"]
[Round "7.69"]
[White "Roshka, Yevgeniy"]
[Black "Samadov, Read"]
[Result "0-1"]
[WhiteElo "2476"]
[BlackElo "2332"]
[Annotator "ChessBase"]
[PlyCount "78"]
[EventDate "2020.12.18"]
[EventType "tourn"]
[EventCountry "NET"]
[SourceTitle "playchess.com"]
[Source "ChessBase"]
[SourceQuality "1"]

1. d4 Nf6 2. c4 e6 3. g3 d5 4. Nf3 Be7 5. Bg2 O-O 6. O-O b6 7. Nc3 Bb7 8. Ne5 h6 9. Qa4 a6 10. Rd1 Qc8 11. cxd5 Nxd5 12. Nxd5 Bxd5 13. e4 Bb7 14. Bf4 Qe8 15. Qc2 Bd6 16. Nd3 Bxf4 17. Nxf4 Qe7 18. Rac1 Rc8 19. d5 e5 20. Nd3 Nd7 21. Bh3 Qd6 22. Bxd7 Qxd7 23. Nxe5 Qe7 24. Nc4 Re8 25. Ne3 Rac8 26. Rd4 c5 27. Rc4 b5 28. Rxc5 Rxc5 29. Qxc5 Qxe4 30. Rd1 Qf3 31. Qc2 Rxe3 32. fxe3 Bxd5 33. e4 Bxe4 34. Rd8+ Kh7 35. Qd2 Qh1+ 36. Kf2 Qxh2+ 37. Ke3 Qh1 38. Qf2 Bg6 39. Rd2 Qe4# 0-1

[Event "EOBCC 2020"]
[Site "Online"]
[Date "2020.12.18"]
[Round "7.70"]
[White "Firat, Burak"]
[Black "Godzwon, Iwo"]
[Result "0-1"]
[WhiteElo "2474"]
[BlackElo "2347"]
[Annotator "ChessBase"]
[PlyCount "116"]
[EventDate "2020.12.18"]
[EventType "tourn"]
[EventCountry "NET"]
[SourceTitle "playchess.com"]
[Source "ChessBase"]
[SourceQuality "1"]

1. c4 c5 2. Nf3 Nc6 3. Nc3 g6 4. e3 Nf6 5. d4 cxd4 6. exd4 d5 7. cxd5 Nxd5 8. Qb3 e6 9. Bb5 Bg7 10. Bxc6+ bxc6 11. O-O O-O 12. Re1 Ba6 13. Na4 Rb8 14. Qd1 Ne7 15. Nc5 Bc4 16. b3 Bd5 17. Ne5 Nf5 18. Bb2 Nh4 19. Qg4 Bxg2 20. Re3 Bd5 21. Rh3 Nf5 22. Ned7 h5 23. Qf4 Rb4 24. Nxf8 Qxf8 25. a3 Rxd4 26. Bxd4 Nxd4 27. Re1 Qxc5 28. b4 Qc4 29. Rhe3 Nc2 30. Qxc4 Bxc4 31. Rc1 Nxe3 32. fxe3 Bb5 33. Rc5 Bb2 34. a4 Bxa4 35. Ra5 Bb5 36. Rxa7 Bc3 37. Kf2 Bxb4 38. Rb7 Kg7 39. Kf3 Bd6 40. h3 g5 41. Rb6 Kg6 42. Rb7 f5 43. Rd7 Be5 44. Re7 Bc4 45. e4 g4+ 46. hxg4 hxg4+ 47. Kf2 f4 48. Rc7 c5 49. Rc8 Bd4+ 50. Kg2 Bd3 51. Rg8+ Kf6 52. Rxg4 Bxe4+ 53. Kf1 Kf5 54. Rg8 Bd3+ 55. Kg2 Ke4 56. Re8 f3+ 57. Kg3 f2 58. Rxe6+ Kd5 0-1

[Event "EOBCC 2020"]
[Site "Online"]
[Date "2020.12.18"]
[Round "7.72"]
[White "Murzin, Volodar"]
[Black "Colbow, Collin"]
[Result "1-0"]
[WhiteElo "2470"]
[BlackElo "2339"]
[Annotator "ChessBase"]
[PlyCount "135"]
[EventDate "2020.12.18"]
[EventType "tourn"]
[EventCountry "NET"]
[SourceTitle "playchess.com"]
[Source "ChessBase"]
[SourceQuality "1"]

1. e4 c5 2. Nf3 d6 3. d4 cxd4 4. Nxd4 Nf6 5. Nc3 Nc6 6. f3 e5 7. Nb3 Be7 8. Be3 O-O 9. g4 a5 10. g5 Ne8 11. h4 a4 12. Nd2 Nc7 13. Nc4 Be6 14. Nb6 Ra5 15. Bc4 Bxc4 16. Nxc4 Ra6 17. Bb6 Qd7 18. Bxc7 Qxc7 19. Nd5 Qc8 20. Nce3 Rd8 21. c3 Bf8 22. Qd2 a3 23. b4 Ne7 24. Nxe7+ Bxe7 25. Nd5 Bf8 26. Kf2 Qc4 27. h5 Re8 28. Rag1 Re6 29. Qe2 Qc8 30. Qd3 Rc6 31. Ke2 Qa8 32. Kd2 Qa4 33. Qf1 Qa7 34. Rg2 Qa4 35. Kc1 Qa7 36. Kb1 Qa8 37. Ka1 Qc8 38. Qe2 Rxc3 39. Rb1 Rc1 40. Qd2 Rxb1+ 41. Kxb1 Qc4 42. Qe2 Qd4 43. Qd2 Qc4 44. Re2 Re8 45. Re1 Rc8 46. Rc1 Qxc1+ 47. Qxc1 Rxc1+ 48. Kxc1 h6 49. gxh6 gxh6 50. Kc2 Kg7 51. Kb3 f6 52. Kxa3 Kf7 53. Kb3 Ke6 54. Ne3 Be7 55. Kc4 Bf8 56. a4 Kd7 57. Kd5 Kc7 58. Nf5 Kd7 59. a5 Kc7 60. b5 Kd7 61. a6 bxa6 62. bxa6 Kc7 63. Nxd6 Bxd6 64. a7 Kb7 65. Kxd6 Kxa7 66. Ke6 Kb6 67. Kxf6 Kc6 68. Kxe5 1-0

[Event "EOBCC 2020"]
[Site "Online"]
[Date "2020.12.18"]
[Round "7.73"]
[White "Marn, Jan"]
[Black "Jaracz, Pawel"]
[Result "0-1"]
[WhiteElo "2346"]
[BlackElo "2456"]
[Annotator "ChessBase"]
[PlyCount "56"]
[EventDate "2020.12.18"]
[EventType "tourn"]
[EventCountry "NET"]
[SourceTitle "playchess.com"]
[Source "ChessBase"]
[SourceQuality "1"]

1. d4 Nf6 2. c4 e6 3. Nc3 Bb4 4. Bd2 b6 5. e3 Bb7 6. Nf3 O-O 7. a3 Bxc3 8. Bxc3 Ne4 9. Qc2 d6 10. Bd3 f5 11. O-O Nd7 12. Nd2 Qh4 13. f3 Ng5 14. Rae1 Rf6 15. d5 Rh6 16. dxe6 Qxh2+ 17. Kf2 Nc5 18. Bxf5 Ncxe6 19. Rh1 Qxh1 20. Rxh1 Rxh1 21. f4 Rf8 22. Bg4 Rh2 23. Bf3 Nxf3 24. Nxf3 Rh5 25. g4 Rh3 26. Kg1 Rxf3 27. f5 Ng5 28. Qe2 Nh3+ 0-1

[Event "EOBCC 2020"]
[Site "Online"]
[Date "2020.12.18"]
[Round "7.74"]
[White "Nikolovski, Nikola"]
[Black "Pajeken, Jakob Leon"]
[Result "1-0"]
[WhiteElo "2454"]
[BlackElo "2323"]
[Annotator "ChessBase"]
[PlyCount "95"]
[EventDate "2020.12.18"]
[EventType "tourn"]
[EventCountry "NET"]
[SourceTitle "playchess.com"]
[Source "ChessBase"]
[SourceQuality "1"]

1. e4 e5 2. Nf3 Nc6 3. Bc4 Bc5 4. O-O Nf6 5. d3 O-O 6. a4 a6 7. c3 d6 8. Bg5 h6 9. Bh4 Be6 10. Nbd2 Ba7 11. Re1 Na5 12. Ba2 c5 13. Nf1 Nc6 14. Ne3 Nb8 15. Bd5 Bxd5 16. Nxd5 Nbd7 17. c4 Bb6 18. Re3 Ba5 19. h3 Re8 20. Nh2 g5 21. Bg3 Nxd5 22. cxd5 Qf6 23. Qg4 Rad8 24. h4 Bd2 25. hxg5 hxg5 26. Rf3 Qg6 27. Rf5 Nf6 28. Qe2 Bf4 29. Bxf4 exf4 30. Ng4 Nxg4 31. Qxg4 Re5 32. Rxe5 dxe5 33. a5 Kg7 34. Rc1 Rh8 35. f3 Qh6 36. Kf2 Qh4+ 37. Qxh4 gxh4 38. Rxc5 h3 39. gxh3 Rxh3 40. d6 Kf6 41. Rd5 Rh8 42. d4 exd4 43. Ke2 Ke6 44. Kd3 f5 45. Kxd4 fxe4 46. Kxe4 Rf8 47. d7 Rd8 48. Rd4 1-0

[Event "EOBCC 2020"]
[Site "Online"]
[Date "2020.12.18"]
[Round "7.75"]
[White "Mammadzada, Gunay"]
[Black "Han, Yichen"]
[Result "1-0"]
[WhiteElo "2443"]
[BlackElo "2307"]
[Annotator "ChessBase"]
[PlyCount "81"]
[EventDate "2020.12.18"]
[EventType "tourn"]
[EventCountry "NET"]
[SourceTitle "playchess.com"]
[Source "ChessBase"]
[SourceQuality "1"]

1. e4 c5 2. Nf3 e6 3. d4 cxd4 4. Nxd4 Nc6 5. Nc3 Qc7 6. Be3 a6 7. Qd2 Nf6 8. f4 Bb4 9. Bd3 Na5 10. a3 Bxc3 11. Qxc3 Qxc3+ 12. bxc3 d5 13. exd5 Nxd5 14. Bd2 b5 15. a4 Ke7 16. axb5 axb5 17. Rxa5 Bd7 18. Rxa8 Rxa8 19. Kf2 Rc8 20. Nxb5 Bxb5 21. Bxb5 Nxc3 22. Bxc3 Rxc3 23. Bd3 h6 24. Ra1 g5 25. g3 Kf6 26. Ke3 h5 27. Kd4 Rc7 28. c4 Rd7+ 29. Kc3 e5 30. Ra6+ Ke7 31. fxe5 Rb7 32. c5 h4 33. gxh4 gxh4 34. Rh6 Ra7 35. c6 Ra1 36. Kd4 Rc1 37. Bc4 Rc2 38. Rh7 Rxh2 39. Rxf7+ Ke8 40. c7 Rd2+ 41. Kc5 1-0

[Event "EOBCC 2020"]
[Site "Online"]
[Date "2020.12.18"]
[Round "7.76"]
[White "Rieger, Robert"]
[Black "Filip, Lucian-Ioan"]
[Result "1/2-1/2"]
[WhiteElo "2326"]
[BlackElo "2442"]
[Annotator "ChessBase"]
[PlyCount "105"]
[EventDate "2020.12.18"]
[EventType "tourn"]
[EventCountry "NET"]
[SourceTitle "playchess.com"]
[Source "ChessBase"]
[SourceQuality "1"]

1. e4 c5 2. Nf3 e6 3. d4 cxd4 4. Nxd4 Nc6 5. Nc3 Qc7 6. g3 a6 7. Bg2 Nf6 8. O-O Nxd4 9. Qxd4 Bc5 10. Bf4 d6 11. Qd3 Nd7 12. Kh1 Ne5 13. Qe2 b5 14. Nd1 Bb7 15. Ne3 Ng6 16. Nd1 Nxf4 17. gxf4 O-O 18. c3 d5 19. e5 f6 20. Ne3 fxe5 21. fxe5 Qxe5 22. Rae1 Rf4 23. Nc2 Qxe2 24. Rxe2 Re8 25. Ne3 Ref8 26. Kg1 Kf7 27. h3 h5 28. Nd1 Ke7 29. b3 Kd6 30. Nb2 e5 31. Nd3 R4f5 32. Rfe1 e4 33. Nxc5 Kxc5 34. Rd1 b4 35. cxb4+ Kxb4 36. Rd4+ Kc5 37. Red2 a5 38. Ra4 Ra8 39. Rc2+ Kb6 40. Rd2 Bc6 41. Rad4 Kc5 42. a3 Bb5 43. b4+ axb4 44. axb4+ Kc6 45. Kh2 h4 46. Rc2+ Kb6 47. Rc5 Rxf2 48. Rdxd5 Bf1 49. Rd6+ Kb7 50. Rd7+ Kb6 51. Rd6+ Kb7 52. Rd7+ Kb6 53. Rd6+ 1/2-1/2

[Event "EOBCC 2020"]
[Site "Online"]
[Date "2020.12.18"]
[Round "7.77"]
[White "Przybylski, Wojciech"]
[Black "Grigorian, Spartak"]
[Result "1-0"]
[WhiteElo "2321"]
[BlackElo "2433"]
[Annotator "ChessBase"]
[PlyCount "203"]
[EventDate "2020.12.18"]
[EventType "tourn"]
[EventCountry "NET"]
[SourceTitle "playchess.com"]
[Source "ChessBase"]
[SourceQuality "1"]

1. e4 c5 2. Nf3 d6 3. Bb5+ Nd7 4. O-O a6 5. Bd3 Ngf6 6. Re1 e6 7. c3 b5 8. a4 c4 9. Bc2 Bb7 10. h3 Be7 11. Nd4 Qb6 12. Qe2 O-O 13. Kh1 Nc5 14. f3 Rfc8 15. a5 Qc7 16. b4 cxb3 17. Nxb3 Nxb3 18. Bxb3 d5 19. e5 Nd7 20. d4 b4 21. Bd2 bxc3 22. Bxc3 Bc6 23. Ra2 Bb5 24. Qd2 Bc4 25. Rb2 Rab8 26. Ba4 Rxb2 27. Bxb2 Rb8 28. Ba3 Qd8 29. Bxe7 Qxe7 30. Qc3 Nf8 31. Nd2 Qb4 32. Qxb4 Rxb4 33. Bc6 Bb5 34. Bxb5 Rxb5 35. Rc1 Rxa5 36. Rc8 g6 37. Nb3 Rb5 38. Nc5 Kg7 39. Nxa6 Nd7 40. Rc7 Nb6 41. Nc5 Rb1+ 42. Kh2 Kf8 43. Rb7 Ke8 44. Rb8+ Ke7 45. Na4 Nxa4 46. Rxb1 Nc3 47. Rb7+ Kf8 48. Kg3 Ne2+ 49. Kg4 Nxd4 50. Kf4 Kg7 51. h4 h6 52. Rc7 Nb5 53. Rc5 Na3 54. g4 Nc4 55. g5 hxg5+ 56. hxg5 Nd2 57. Rc8 Nc4 58. Rc7 Na3 59. Rb7 Nc2 60. Kg3 Nd4 61. f4 Nf5+ 62. Kf3 Nd4+ 63. Ke3 Nc6 64. Rc7 Na5 65. Kd4 Kf8 66. Kc5 Nc4 67. Ra7 Ne3 68. Ra8+ Kg7 69. Ra4 Ng2 70. Kd6 Kf8 71. Kd7 Nh4 72. Ra8+ Kg7 73. Ke8 d4 74. Rd8 Nf5 75. Rd7 Kg8 76. Rxf7 Ng7+ 77. Ke7 d3 78. Rf8+ Kh7 79. Rd8 Nh5 80. Rd4 Kg7 81. Kxe6 d2 82. Rd7+ Kg8 83. f5 Nf4+ 84. Kf6 gxf5 85. g6 Nh5+ 86. Kxf5 Ng3+ 87. Kf6 Ne4+ 88. Kf5 Ng3+ 89. Kf4 Nh5+ 90. Kg5 Ng3 91. Rd8+ Kg7 92. Rd7+ Kg8 93. e6 Ne4+ 94. Kf4 Nc5 95. Rxd2 Nxe6+ 96. Ke5 Nc5 97. Rd5 Nb7 98. Kf6 Kf8 99. Rb5 Nd6 100. Rb8+ Ne8+ 101. Rxe8+ Kxe8 102. g7 1-0

[Event "EOBCC 2020"]
[Site "Online"]
[Date "2020.12.18"]
[Round "7.78"]
[White "Hurdzan, Tomas"]
[Black "Lizak, Peter"]
[Result "0-1"]
[WhiteElo "2317"]
[BlackElo "2433"]
[Annotator "ChessBase"]
[PlyCount "80"]
[EventDate "2020.12.18"]
[EventType "tourn"]
[EventCountry "NET"]
[SourceTitle "playchess.com"]
[Source "ChessBase"]
[SourceQuality "1"]

1. c4 b6 2. e4 Bb7 3. Nc3 Nf6 4. d3 c5 5. g3 Nc6 6. Bg2 d6 7. Nge2 g6 8. O-O Bg7 9. a3 O-O 10. Rb1 Nd7 11. Be3 Nde5 12. h3 Nd7 13. Kh2 a6 14. b4 Nd4 15. f4 e6 16. Bg1 Qc7 17. Qd2 f5 18. Rbe1 Nxe2 19. Rxe2 Rae8 20. Rfe1 fxe4 21. dxe4 cxb4 22. axb4 b5 23. Bd4 e5 24. Be3 exf4 25. Bxf4 Qxc4 26. Qxd6 Bxc3 27. Qxd7 Bxe1 28. Rxe1 Qf7 29. Qd4 Rd8 30. Qc3 Qc4 31. Qb2 Rfe8 32. Rc1 Qf7 33. Rc7 Rd7 34. Rc5 Bxe4 35. Bxe4 Rxe4 36. Rc8+ Re8 37. Rc5 Rde7 38. Rc2 Qc4 39. Rxc4 Re2+ 40. Qxe2 Rxe2+ 0-1

[Event "EOBCC 2020"]
[Site "Online"]
[Date "2020.12.18"]
[Round "7.79"]
[White "Brozyna, Mateusz"]
[Black "Razin, Vadim"]
[Result "0-1"]
[WhiteElo "2312"]
[BlackElo "2428"]
[Annotator "ChessBase"]
[PlyCount "130"]
[EventDate "2020.12.18"]
[EventType "tourn"]
[EventCountry "NET"]
[SourceTitle "playchess.com"]
[Source "ChessBase"]
[SourceQuality "1"]

1. Nf3 d5 2. g3 Nf6 3. d4 c5 4. Bg2 cxd4 5. O-O h6 6. Nxd4 e5 7. Nf3 Nc6 8. c4 d4 9. e3 d3 10. Nc3 Bc5 11. Ne1 Bf5 12. e4 Bg4 13. Qxd3 Nd4 14. Kh1 O-O 15. f3 Bh5 16. Be3 Rc8 17. Rd1 a6 18. Nc2 Ne6 19. Nd5 Bxe3 20. Ncxe3 Nd4 21. b3 Nxd5 22. Nxd5 Qa5 23. Rd2 Rfe8 24. g4 Bg6 25. f4 f6 26. Rdf2 Nc6 27. f5 Bf7 28. h4 Qd8 29. Bf3 b6 30. Rg2 b5 31. cxb5 axb5 32. Qxb5 Nd4 33. Qd3 Rc6 34. Ne3 Rd6 35. Qc3 Rc6 36. Qb2 Qc8 37. g5 fxg5 38. hxg5 hxg5 39. Rxg5 Rh6+ 40. Kg1 Qc5 41. Qf2 Rc8 42. Ng4 Nxf3+ 43. Kg2 Qxf2+ 44. Rxf2 Nxg5 45. Nxh6+ gxh6 46. Rd2 Nxe4 47. Re2 Ng5 48. Rxe5 Rc2+ 49. Kg3 Rxa2 50. Rb5 Rb2 51. Rb6 Rxb3+ 52. Rxb3 Bxb3 53. Kg4 Kg7 54. Kh5 Bd1+ 55. Kh4 Kf6 56. Kg3 Kxf5 57. Kh4 h5 58. Kg3 Nf3 59. Kh3 h4 60. Kg2 Kg4 61. Kh1 Nd4 62. Kg2 h3+ 63. Kh2 Bf3 64. Kg1 Bg2 65. Kf2 Nf3 0-1

[Event "EOBCC 2020"]
[Site "Online"]
[Date "2020.12.18"]
[Round "7.80"]
[White "Petriashvili, Nikoloz"]
[Black "Myshakov, Fyodor"]
[Result "1-0"]
[WhiteElo "2425"]
[BlackElo "2292"]
[Annotator "ChessBase"]
[PlyCount "115"]
[EventDate "2020.12.18"]
[EventType "tourn"]
[EventCountry "NET"]
[SourceTitle "playchess.com"]
[Source "ChessBase"]
[SourceQuality "1"]

1. d4 d5 2. c4 dxc4 3. Nf3 Nf6 4. e3 e6 5. Bxc4 c5 6. b3 Be7 7. Bb2 cxd4 8. Qxd4 Qxd4 9. Nxd4 Bd7 10. Nc3 Nc6 11. Ncb5 O-O 12. O-O a6 13. Nxc6 Bxc6 14. Nd4 Bd5 15. Rfc1 Rac8 16. Be2 h6 17. f3 b5 18. a4 bxa4 19. Rxc8 Rxc8 20. Rxa4 Bc5 21. Rxa6 Bxd4 22. Bxd4 Bxb3 23. Ra3 Bd5 24. e4 Bb7 25. Rb3 Bc6 26. Ba6 Ra8 27. Rb6 Ba4 28. Bb7 Rd8 29. Be3 Be8 30. Ba6 Ra8 31. Kf2 Ba4 32. h4 Be8 33. Bd4 Kf8 34. g4 Kg8 35. Kg3 Kf8 36. Bc5+ Kg8 37. Bb4 Nd7 38. Rd6 Nf6 39. g5 hxg5 40. hxg5 Nd7 41. g6 Ne5 42. gxf7+ Bxf7 43. Bc3 Ng6 44. Bd4 Ne7 45. Bc4 Ra4 46. Rd8+ Kh7 47. Bb5 Rb4 48. Bd3 Nc6 49. Bc5 Nxd8 50. Bxb4 Nc6 51. Bc3 Bg6 52. Kf4 Kg8 53. Bb5 Nd8 54. Ke5 Bf7 55. Ba5 Nb7 56. Bb4 Bh5 57. f4 Nd8 58. Be7 1-0